000 00717nam a2200229 a 4500
999 _c1236
_d1236
001 1236
003 BD-JhCC
005 20171017095002.0
008 171017s2001 bg |||| |||| 000 0 ben d
020 _a9844102499
035 _a(BD-JhCC)1236
040 _aBD-JhCC
_dBD-JhCC
041 _aben
082 _a891.4409
_bSAR 2001
100 _aমুরশিদ, খান সারওয়ার
245 _aকালের কথা /
_cখান সারওয়ার মুরশিদ
260 _aঢাকা:
_bমাওলা ব্রাদার্স,
_c২০০১.
300 _a২৩৮ পৃ.:
_c২১ সেমি.
650 _aBengali Literature
942 _2ddc
_cBK